书目信息 |
| 题名: |
汽轮机的调节和保护
|
|
| 作者: | 望亭发电厂 | |
| 分册: | ||
| 出版信息: | 北京 水利电力出版社 |
|
| 页数: | 244页 | |
| 开本: | 20cm | |
| 丛书名: | ||
| 单 册: | ||
| 中图分类: | TK267 | |
| 科图分类: | ||
| 主题词: | 蒸汽透平 | |
| 电子资源: | ||
| ISBN: | ||
| 000 | 00542nam0 2200193 450 | |
| 001 | 0630682936 | |
| 005 | 20060928083231.12 | |
| 010 | @dCNY0.65 | |
| 091 | @a15143.3085 | |
| 100 | @a20060928d km y0chiy0120 ea | |
| 101 | 0 | @achi |
| 200 | 1 | @a汽轮机的调节和保护@Aqi lun ji de diao jie he bao hu@f望亭发电厂@Fwang ting fa dian chang |
| 210 | @a北京@c水利电力出版社 | |
| 215 | @a244页@d20cm | |
| 606 | 0 | @a蒸汽透平 |
| 690 | @aTK267@v3 | |
| 701 | 0 | @a望亭发电厂@Awang ting fa dian chang |
| 801 | 0 | @aCN@bPFT@c20060928 |
| 905 | @a10447@dTK267@e78 | |
| 汽轮机的调节和保护/望亭发电厂.-北京:水利电力出版社 |
| 244页;20cm |
| ISBN :CNY0.65 |
| ● |
| 相关链接 |
|
|
|
|
正题名:汽轮机的调节和保护
索取号:TK267/78
 
预约/预借
| 序号 | 登录号 | 条形码 | 馆藏地/架位号 | 状态 | 备注 |
| 1 | 0423016 | 204230162 | 密集书库/ [索取号:TK267/78] | 在馆 |